000 00333nam a2200133Ia 4500
008 240624s9999 xx 000 0 und d
041 _aeng
082 _a658.45 HOL
100 _aHOLSTON DAVID
245 _aSHOW ME DON T TELL ME VISUALIZING COMMUN
260 _c2015
_aOhio
_bHOW Books
300 _a220 p.; 17 cm.
365 _c
_b38
999 _c29152
_d29152